| 000 | 00557 a2200193 4500 | ||
|---|---|---|---|
| 999 |
_c172952 _d172952 |
||
| 005 | 20200215133311.0 | ||
| 010 | _aB-165899 | ||
| 020 |
_a8123744382 _c85.00 |
||
| 035 | _aB-165899 | ||
| 037 | _bD.B.Act / Pub | ||
| 082 | 1 | 4 |
_a070.170954 _bBHA |
| 100 | 1 | _aBhargawa, G.S. | |
| 245 | 1 |
_aThe press in India: _ban overview/ _cby G. S. Bhargava |
|
| 260 |
_aNew Delhi: _bNational Book Trust _c2005 |
||
| 270 | _aA-5 Green park,New Delhi-110016 | ||
| 300 |
_axliii, 217 p. _c22 cm. (Pbk.) |
||
| 500 | _aincludes index | ||
| 942 |
_adpl _cEN _k070.170954 / BHA _2ddc |
||